Čína a suverenita: pojetí suverenity v čínském odborném prostředí

Štát, suverenita a odborné prostredie v Číne. Špecifiká akademického a intelektuálneho prostredia v Číne. Čínska politika a suverenita. Chápanie suverenity v čínskom odbornom diskurze - dominancia konzervatívneho prístupu a tri kreatívne inovácie. Jedna krajina, dva systémy - flexibilita suverenity...

Descrizione completa

Salvato in:
Dettagli Bibliografici
Autore principale: Karmazin, Aleš
Natura: Capitolo di libro
Lingua:ceco
Soggetti:
Tags: Aggiungi Tag
Nessun Tag, puoi essere il primo ad aggiungerne!!

MARC

LEADER 00000naa a2200000 4500
001 0250374
005 20190123130452.7
041 0 |a cze 
044 |a CZ 
245 1 0 |a Čína a suverenita: pojetí suverenity v čínském odborném prostředí  |c Aleš Karmazin 
520 |a Štát, suverenita a odborné prostredie v Číne. Špecifiká akademického a intelektuálneho prostredia v Číne. Čínska politika a suverenita. Chápanie suverenity v čínskom odbornom diskurze - dominancia konzervatívneho prístupu a tri kreatívne inovácie. Jedna krajina, dva systémy - flexibilita suverenity a štátne autority. Napätie medzi suverenitou a ľudskými právami. Koncept intertemporálneho medzinárodného práva. 
610 2 0 |a štát 
610 2 0 |a suverenita štátna 
610 2 0 |a vláda 
610 2 0 |a konzervativizmus 
610 2 0 |a politika 
610 2 0 |a práva ľudské 
610 2 0 |a Čína 
100 1 |a Karmazin, Aleš